Normal view
MARC view
Entry Topical Term
001 - CONTROL NUMBER
- control field: 39444
003 - CONTROL NUMBER IDENTIFIER
- control field: OSt
005 - DATE AND TIME OF LATEST TRANSACTION
- control field: 20160221131332.0
008 - FIXED-LENGTH DATA ELEMENTS
- fixed length control field: 160221|| aca||aabn | a|a d
040 ## - CATALOGING SOURCE
- Original cataloging agency: OSt
- Transcribing agency: OSt
150 ## - HEADING--TOPICAL TERM
- Topical term or geographic name entry element: Education
670 ## - SOURCE DATA FOUND
- Source citation: Work cat.: (OSt)23637: प्रसाद राजेन्द्र 39284, भारतीय शिक्षा , 1953









